=LDR 00000nam 2200000 4500 =001 NUTBA000000000001093 =005 20140411174537.0 =006 =007 =008 =035 ##$$a 0010-041400000000363 =040 ##$$a Ind =082 ##$$a 646.72 =090 ##$$a 646.72$bRen l =100 ##$$a Reni k =245 ##$$a Les't make - up By Wawa sugimurwati$cReni k =250 ##$$a Cet.4 =260 ##$$a Jakarta$bGramedia$c2009. =300 ##$$a 85 Hlm$bIlus$c25 cm. =850 ##$$a NBPNMAT =990 ##$$a 21103881 =990 ##$$a 93498/BPAP-NTB/2014